000 00533nam a22002057a 4500
003 OSt
005 20220107122746.0
008 140526b xxu||||| |||| 00| 0 eng d
020 _a9783642251375
040 _cIIITM-K
082 _a616.85307548 URB/M
245 _aMRI in epilepsy
_cedited by Horst Urbach
260 _aBerlin,
_bSpringer,
_c2013.
300 _axiii, 270p.
650 _aMAGNETIC RESONANCE IMAGING
_95225
650 _aMRI
_95226
650 _aEPILEPSY
_95227
700 _aUrbach, Horst
_95232
942 _2ddc
_cBK
999 _c4188
_d4188